Economic Reforms in the European Centrally Planned Economies (Record no. 5948)

MARC details
000 -LEADER
fixed length control field 00528nam a22001937i 4500
001 - CONTROL NUMBER
control field 6355
003 - CONTROL NUMBER IDENTIFIER
control field OSt
005 - DATE AND TIME OF LATEST TRANSACTION
control field 20180618102108.0
007 - PHYSICAL DESCRIPTION FIXED FIELD--GENERAL INFORMATION
fixed length control field tu
008 - FIXED-LENGTH DATA ELEMENTS--GENERAL INFORMATION
fixed length control field 161220s1989 xxu||||| |||| 00| 0 eng d
024 7# - OTHER STANDARD IDENTIFIER
Standard number or code 6355
Source of number or code RID
024 7# - OTHER STANDARD IDENTIFIER
Standard number or code 6355
Source of number or code RSN (alt)
040 ## - CATALOGING SOURCE
Transcribing agency OSt
110 2# - MAIN ENTRY--CORPORATE NAME
Corporate name or jurisdiction name as entry element United Nations Economic Commission for Europe
245 00 - TITLE STATEMENT
Title Economic Reforms in the European Centrally Planned Economies
260 ## - PUBLICATION, DISTRIBUTION, ETC.
Place of publication, distribution, etc. New York :
Name of publisher, distributor, etc. United Nations Publication,
Date of publication, distribution, etc. 1989.
490 ## - SERIES STATEMENT
Series statement Economic Studies
Volume/sequential designation 1
International Standard Serial Number 1014-4994
942 ## - ADDED ENTRY ELEMENTS (KOHA)
Koha item type Paper
Holdings
Withdrawn status Lost status Damaged status Not for loan Home library Current library Shelving location Date acquired Inventory number Total Checkouts Barcode Date last seen Price effective from Koha item type
        WIIW WIIW Library 08/04/2004 6355   10001850 01/26/2017 01/26/2017 Paper
The Vienna Instiute for International Economic Studies (wiiw)